Normal view
MARC view
- Embriz Osorio, Arnulfo
Entry Nombre Personal
001 - NUMERO DE CONTROL
- campo de control: 50114
003 - IDENTIFICADOR DE NUMERO DE CONTROL
- campo de control: DLC
005 - FECHA Y HORA DE LA ÜLTIMA TRANSACCIÓN
- campo de control: 20230929164815.0
008 - DATOS DE LONGITUD FIJA
- campo de control de longitud fija: 840607n| acannaabn |a aaa
010 ## - NÚMERO DE CONTROL DE LA BIBLIOTECA DEL CONGRESO
- Número de control LC: n 84038373
- Número de Control LC Cancelado/inválido: n 94102246
035 ## - NUMERO DE CONTROL
- Número de control: (OCoLC)oca01140671
040 ## - FUENTE DE CATALOGACIÓN
- Agencia original de catalogación: DLC
- Lenguaje de catalogación: spa
- Agencia de transcripción: DLC
- Agencia que lo modifica: NjP
- Agencia que lo modifica: OCoLC
- Agencia que lo modifica: MX-MxUPN
100 1# - ENCABEZAMIENTO - NOMBRE PERSONAL
- Nombre personal: Embriz Osorio, Arnulfo
400 1# - VEÁSE - NOMBRE DE PERSONA
- Personal name: Embriz, Arnulfo
670 ## - FUENTE EN LA QUE SE LOCALIZARON DATOS
- Cita de la fuente: Documentos para la historia del agrarismo en Michoacán, c1982:
- Información localizada: portada (Arnulfo Embriz Osorio) p. 3 (antropólogo social)
670 ## - FUENTE EN LA QUE SE LOCALIZARON DATOS
- Cita de la fuente: Indicadores socioeconómicos de los pueblos ... 1993:
- Información localizada: portada (Arnulfo Embriz)
670 ## - FUENTE EN LA QUE SE LOCALIZARON DATOS
- Cita de la fuente: ¿Y tú cómo te llamas? : las voces de los pueblos indígenas para nombrar a la gente, 2006:
- Información localizada: portada (Arnulfo Embriz Osorio)
902 ## - CATALOGADOR
- Catalogador: Víctor Ruiz/290923
